| 000 | 00849cpcaa2200241 4500 | ||
|---|---|---|---|
| 001 | mm 79001363 | ||
| 003 | DLC | ||
| 005 | 20260227111635.0 | ||
| 008 | 790503|||||||||||| eng | ||
| 010 | _amm 79001363 | ||
| 040 |
_aDLC _cDLC _edacs _dDLC |
||
| 072 | 7 |
_aN _2lcmd |
|
| 100 | 1 |
_aEvans, Wealthy Cleveland, _cMrs. |
|
| 245 | 0 | 0 |
_aMrs. Wealthy Cleveland Evans letter, _fundated. |
| 300 |
_a1 _fitem. |
||
| 506 | 0 | _aOpen to research. | |
| 520 | 8 | _aALS from Evans to an unidentified individual concerning women's rights. | |
| 546 | _aCollection material in English. | ||
| 580 | _aForms part of: Miscellaneous Manuscripts collection. | ||
| 650 | 0 | _aWomen's rights. | |
| 999 |
_c40735 _d40735 |
||